[Event "France-ch U14 Girls"]
[Site "Reims"]
[Date "2004.04.20"]
[Round "4"]
[White "Sunthor, Sunsinaroit"]
[Black "Esposito, Julie"]
[Result "0-1"]
[WhiteElo "1570"]
[BlackElo "1830"]
[PlyCount "80"]
[EventDate "2004.04.??"]
[EventType "swiss"]
[EventRounds "9"]
[EventCountry "FRA"]
[SourceTitle "EXT 2005"]
[Source "ChessBase"]
[SourceDate "2004.11.15"]
[SourceVersion "1"]
[SourceVersionDate "2004.11.15"]
[SourceQuality "1"]

1. e4 e5 2. Nf3 Nc6 3. Bc4 Bc5 4. d3 d6 5. Nc3 Nf6 6. Bg5 h6 7. Bh4 g5 8. Bg3 Be6 9. Bb3 Bb6 10. 0-0 Ne7 11. Qd2 Ng6 12. Rfe1 0-0 13. Nd1 Nh5 14. Ne3 Qf6 15. Qe2 Nhf4 16. Bxf4 exf4 17. Nc4 g4 18. Nxb6 gxf3 19. Qxf3 axb6 20. h3 Kh7 21. g4 Nh4 22. Qe2 f3 23. Qe3 Ng2 24. Qd2 Qh4 25. Kh2 Bxg4 26. Rh1 Bxh3 27. Kg1 Qg4 28. Kh2 Qh4 29. Kg1 Rg8 30. Kf1 Nf4+ 31. Ke1 Qg4 32. Qc3 Qg2 33. Kd2 Qxf2+ 34. Kd1 Rg1+ 35. Rxg1 Qxg1+ 36. Kd2 Qf2+ 37. Kd1 Qe2+ 38. Kc1 Rg8 39. Qd2 Rg1+ 40. Qd1 Qxd1# 0-1